000 00261nam a2200109Ia 4500
008 190216s9999||||xx |||||||||||||| ||und||
100 _aGilbert M Smith
245 0 _aModern Business Enterprise
260 _bPenguin Books
_c1954
300 _a461p
942 _cBK
999 _c30351
_d30351